ANANDASRAM SUSKRUT GRANTHAWALI (Record no. 1183868)

MARC details
000 -LEADER
fixed length control field 00369nam a2200157Ia 4500
008 - FIXED-LENGTH DATA ELEMENTS--GENERAL INFORMATION
fixed length control field 240830s1984 xx 000 0 und d
041 ## - LANGUAGE CODE
Language code of text/sound track or separate title san
082 ## - DEWEY DECIMAL CLASSIFICATION NUMBER
Classification number 1
100 ## - MAIN ENTRY--PERSONAL NAME
Personal name APTE M
245 ## - TITLE STATEMENT
Title ANANDASRAM SUSKRUT GRANTHAWALI
250 ## - EDITION STATEMENT
Edition statement 1
260 ## - PUBLICATION, DISTRIBUTION, ETC.
Place of publication, distribution, etc. SANGALI
Name of publisher, distributor, etc. N.D.
Date of publication, distribution, etc. 1984
300 ## - PHYSICAL DESCRIPTION
Extent 100p
906 ## - LOCAL DATA ELEMENT F, LDF (RLIN)
a ANANDASRAM SUSKRUT GRANTHAWALI

No items available.